000
00410nam a2200145Ia 4500
008
090122s9999 xx 000 0 und d
082
_b
9428
100
_a
जाधव
_b
प्रल्हाद
245
_a
शासन आणि आपण
600
_a
जाधव
630
_a
शासन आणि आपण
700
_a
जाधव
730
_a
शासन आणि आपण
942
_c
BOOK
999
_c
33505
_d
33505